Central Library OPAC University of Rajshahi

The rise of industrial America : (Record no. 28595)

MARC details
000 -LEADER
fixed length control field 00873pam a2200277 a 4500
001 - CONTROL NUMBER
control field 28595
003 - CONTROL NUMBER IDENTIFIER
rucl marc code BD-RjUL
005 - DATE AND TIME OF LATEST TRANSACTION
control field 20211209051314.0
008 - FIXED-LENGTH DATA ELEMENTS--GENERAL INFORMATION
fixed length control field 140331r19841984nyuab 001 0 eng
020 ## - INTERNATIONAL STANDARD BOOK NUMBER
International Standard Book Number 0140122621:
035 ## - SYSTEM CONTROL NUMBER
System control number (BD-RjUL)28676
040 ## - CATALOGING SOURCE
Original cataloging agency DLC
Transcribing agency DLC
Modifying agency DLC
Language of cataloging eng
041 ## - LANGUAGE CODE
Language code of text/sound track or separate title eng
082 00 - DEWEY DECIMAL CLASSIFICATION NUMBER
Classification number 973.8
Edition number 20
Author mark and year SMR 1984
100 1# - MAIN ENTRY--PERSONAL NAME
Personal name Smith, Page.
9 (RLIN) 86845
245 14 - TITLE STATEMENT
Title The rise of industrial America :
Remainder of title a people's history of the post-reconstruction era /
Statement of responsibility, etc. Page Smith.
Number of part/section of a work V-6
260 ## - PUBLICATION, DISTRIBUTION, ETC. (IMPRINT)
Place of publication, distribution, etc. New York, N.Y., U.S.A. :
Name of publisher, distributor, etc. Penguin Books,
Date of publication, distribution, etc. c1984.
300 ## - PHYSICAL DESCRIPTION
Pagination xvi, 965 p. :
Illustrations ill. ;
Size 23 cm.
500 ## - GENERAL NOTE
General note Reprint. Originally published : New York : McGraw-Hill, c1984.
General note "Volume six."
504 ## - BIBLIOGRAPHY, ETC. NOTE
Bibliography, etc Includes index.
651 #0 - SUBJECT ADDED ENTRY--GEOGRAPHIC NAME
Geographic name United States
General subdivision History
Chronological subdivision 1865-1898.
9 (RLIN) 2172
942 ## - ADDED ENTRY ELEMENTS (KOHA)
Source of classification or shelving scheme Dewey Decimal Classification
Koha item type Books
Holdings
Lost status Source of classification or shelving scheme Damaged status Not for loan Collection code Permanent Location Current Location Shelving location Date acquired Source of acquisition Cost, normal purchase price Total Checkouts Full call number Date last seen Copy number Koha item type
  Dewey Decimal Classification     Non-fiction Central Library, University of Rajshahi Central Library, University of Rajshahi   18/01/1988 N/A 0.00   973.8 SMR V-6 1984 31/03/2014 C-5 Books